Las obligaciones en el contrato de trabajo de conformidad a la legislación y jurisprudencia venezolanas.

Uloženo v:
Podrobná bibliografie
Hlavní autor: Mujica Rodríguez, Rafael
Médium: Kniha
Jazyk:angličtina
Vydáno: Caracas, Venezuela. Wilmar, 1968
Vydání:Segunda edición
Témata:
Tagy: Přidat tag
Žádné tagy, Buďte první, kdo vytvoří štítek k tomuto záznamu!

MARC

LEADER 00000nam a22000007a 4500
003 CL-VaPUC
005 20211109124804.0
008 211109b1968 ||||| |||| 00| 0 eng d
999 |c 434026  |d 434024 
040 |c Pontificia Universidad Católica de Valparaíso 
082 |a 344.0187 MUJ 1968 
100 1 |a Mujica Rodríguez, Rafael  |9 864226 
245 |a Las obligaciones en el contrato de trabajo de conformidad a la legislación y jurisprudencia venezolanas. 
250 |a Segunda edición  
260 |a Caracas, Venezuela.  |b Wilmar,   |c 1968 
300 |a 513 páginas 
583 |c 20211109  |k Cristina María Rojas Aguilar 
650 |a Derecho del trabajo   |z Venezuela  |9 864227 
942 |2 ddc  |c BK 
952 |0 0  |1 0  |2 ddc  |4 0  |6 344_018700000000000_MUJ_1968  |7 0  |9 579207  |a BIBDER  |b BIBDER  |d 2021-11-09  |i 2523027  |o 344.0187 MUJ 1968  |p 2523027  |r 2023-01-25  |w 2021-11-09  |y BK  |k DER